Control externo de sociedades comerciales : facultades de la inspección general de justicia /

Guardado en:
Autor Principal: Nissen, Ricardo Augusto
Formato: Libro
Idioma:Spanish
Publicado: Buenos Aires : Astrea, 2008
Materias:
Etiquetas: Agregar Etiqueta
Sin Etiquetas, Sea el primero en etiquetar este registro!
LEADER 00770nam a22001575a 4500
001 DER.der010778
008 180615s2008####ag#||||||||||||||#||spa||
005 20251006130049.0
245 1 0 |a Control externo de sociedades comerciales :  |b facultades de la inspección general de justicia /  |c Ricardo Augusto Nissen. 
260 |a Buenos Aires :  |b Astrea,  |c 2008 
300 |a 293 p. 
505 0 |a Objeto social. Abuso del acto aislado. Asambleas. Inoponibilidad de la personalidad jurídica. Directorio. Sociedades constituidas en el extranjero. "Offshore". Aportes irrevocables. Resultados no asignados. Sociedades sustancialmente unipersonales. 
020 |a 9789505088140 
100 1 |a Nissen, Ricardo Augusto 
650 7 |a DERECHO SOCIETARIO 
859 |a DERECHO  |b BIB. DERECHO  |h 346.06  |i NIS  |p 006497